Top 15 dei paesi con decessi Covid-19 - 22 agosto - Statistics

Statistiche generali
  • Questo quiz è stato fatto 3 volte
  • Il punteggio medio è 11 su 20
Statistiche sulle risposte
nazione % Corretto
Italia
100%
Brasile
67%
Cile
67%
Colombia
67%
Francia
67%
India
67%
Iran
67%
Messico
67%
Perù
67%
Regno Unito
67%
Russia
67%
Spagna
67%
Stati Uniti
67%
Belgio
33%
Bolivia
33%
Paesi Bassi
33%
Sudafrica
33%
Svezia
33%
Irlanda
0%
Panama
0%
Nessun quiz corrispondente trovato
Distribuzione punteggi
Percentuale di utenti per punteggio
Percentile per numero di risposta
I tuoi punteggi nel tempo
Non hai fatto questo quiz